| 000 | 00891cam a22002054a 4500 | ||
|---|---|---|---|
| 005 | 20250605164216.0 | ||
| 008 | 250528s ||||||||||||||||||||||||d | ||
| 035 | _a20473 | ||
| 020 | _a393954765 | ||
| 040 |
_aGR-AtMCL _bgre _dGR-AtMCL _eAACR2 |
||
| 245 | 1 | _aThe Norton Anthology of English Literature / Volume 1 Fifth Edition | |
| 250 | _a5th | ||
| 260 |
_bW.W. Norton & Company, _c1986 |
||
| 300 | _a2616 | ||
| 520 | _aThe Middle Ages - The Early Seventeenth Century - The Restoration and the Eighteenth Century. Preface to the Fifth Edition, Acknowledgements, The Middle Ages (to ca. 1485), Middle English Lyrics, Popular Ballads, The Sixteenth Century (1485-1603), The Early Seventeenth Century (1603-1660), The Poetry of Sensibility, Poems in Progress, Selected Bibliographies, Index. | ||
| 700 | 1 |
_aAbrams M. H. _96456 |
|
| 942 | _cBK | ||
| 999 |
_c5577 _d5577 |
||